[Event "83rd ESP-ch Women-ch 2018"]
[Site "Linares"]
[Date "2018.08.21"]
[Round "2"]
[White "Garcia Romero, Benjamin Abel"]
[Black "Suarez Uriel, Adrian"]
[Result "1-0"]
[WhiteElo "2230"]
[BlackElo "2391"]
[Annotator "TA"]
[EventDate "2018.08.09"]
[PlyCount "75"]
[EventType "tourn"]
[EventCountry "ESP"]

1. e4 c5 2. Nf3 Nc6 3. d4 cxd4 4. Nxd4 g6 5. c4 Bg7 6. Be3 Nf6 7. Nc3 O-O
8. Be2 d6 9. O-O Bd7 10. Rc1 Nxd4 11. Bxd4 Bc6 12. Qd3 a5 13. h4 h5 $146
14. Rfd1 Nd7 15. Qg3 Bxd4 16. Rxd4 Qb6 17. Rd2 Kh7 18. Nd5 Bxd5 19. exd5 f5
20. Re1 Ne5 21. Qg5 $36 Rf6 22. Qf4 Rc8 23. Bf1 Qd8 24. Rc2 Qg8 25. Rc3 Rc7
26. c5 Qc8 27. Rec1 Rf7 28. Bb5 Qb8 29. g3 Rf8 30. a3 $16 Rfc8 31. b4 axb4
32. axb4 Qa7 33. Kg2 Qa2 34. Bc4 Qa4 35. Bb3 $18 Qb5 36. Qd4 Nd7 $2 37. Re1
Nf6 $2 38. cxd6 $1 1-0

[Event "83rd ESP-ch Women-ch 2018"]
[Site "Linares"]
[Date "2018.08.21"]
[Round "2"]
[White "Rodriguez Perez, Angel Mariano"]
[Black "Matnadze, Ana"]
[Result "1/2-1/2"]
[WhiteElo "2223"]
[BlackElo "2378"]
[TimeControl "40/5400+30:1800+30"]
[Annotator "NA"]
[EventDate "2018.08.09"]
[PlyCount "70"]
[EventType "tourn"]
[EventCountry "ESP"]

1. e4 c6 2. Nc3 d5 3. Nf3 dxe4 4. Nxe4 Nf6 5. Qe2 Bf5 6. Nxf6+ gxf6 7. d4
e6 8. g3 Qd5 9. Bg2 Qe4 10. Qxe4 Bxe4 11. c3 Nd7 12. Nh4 Bd5 13. b3 a5 14.
c4 Bxg2 15. Nxg2 Bb4+ 16. Bd2 c5 17. dxc5 Bxd2+ 18. Kxd2 Nxc5 19. Kc2 Ke7
20. Rhe1 Rhc8 21. Nf4 Kd6 22. Nd3 b5 23. Nxc5 Rxc5 24. Rad1+ Kc6 25. Re4
Rc8 26. Kc3 Rc7 27. Rh4 Rf5 28. Rd2 Rf3+ 29. Kb2 bxc4 30. Rxc4+ Kb6 31. Rh4
Rc5 32. Rxh7 Rd5 33. Rc2 Rc5 34. Rd2 Rd5 35. Rc2 Rc5 1/2-1/2

[Event "83rd ESP-ch Women-ch 2018"]
[Site "Linares"]
[Date "2018.08.21"]
[Round "2"]
[White "Kolotilina, Liudmila"]
[Black "Huerga Leache, Mikel"]
[Result "*"]
[WhiteElo "2216"]
[BlackElo "2451"]
[TimeControl "40/5400+30:1800+30"]
[Annotator "RC"]
[EventDate "2018.08.09"]
[PlyCount "64"]
[EventType "tourn"]
[EventCountry "ESP"]

1. d4 d5 2. Nc3 Nf6 3. Bf4 g6 4. Qd2 Bg7 5. f3 O-O 6. e3 e6 7. Nge2 Nh5 8.
Be5 Bxe5 9. dxe5 c5 10. O-O-O Nc6 11. f4 f5 12. h3 Qa5 13. g4 Ng7 14. Ng3
b5 15. Kb1 b4 16. Nb5 c4 17. Nd4 Nxd4 18. Qxd4 Rb8 19. gxf5 gxf5 20. Rg1
Kh8 21. Be2 Rb6 22. e4 Ra6 23. Bxc4 dxc4 24. Qxc4 Bb7 25. exf5 Bd5 26. Rxd5
exd5 27. Qb3 Qc5 28. Rd1 Nxf5 29. Nxf5 Rxf5 30. Qd3 Qc8 31. Qxd5 Rxf4 32.
Rg1 Rg6 *

[Event "83rd ESP-ch Women-ch 2018"]
[Site "Linares"]
[Date "2018.08.21"]
[Round "2"]
[White "Garcia Vicente, Nieves"]
[Black "Nunez, Daniela Alejandra"]
[Result "1-0"]
[WhiteElo "2181"]
[BlackElo "2021"]
[Annotator "TA"]
[EventDate "2018.08.09"]
[PlyCount "133"]
[EventType "tourn"]
[EventCountry "ESP"]

1. d4 Nf6 2. c4 e6 3. Nc3 Bb4 4. e3 O-O 5. Bd3 d5 6. Nf3 dxc4 7. Bxc4 c5 8.
a3 Bxc3+ 9. bxc3 Qc7 10. Ba2 b6 11. O-O Bb7 12. h3 Nbd7 13. Bb2 c4 14. a4
$146 Rfc8 15. Nd2 Ne4 16. f3 Nxd2 17. Qxd2 e5 18. Qf2 a6 19. Bb1 exd4 20.
exd4 Nf6 21. Re1 Re8 22. Bc2 Bc6 23. Qf1 Qg3 24. Qf2 Qc7 25. Qf1 Bd5 26.
Qf2 Rab8 27. Rad1 Qd7 28. Bc1 Bc6 29. Bf4 Rbc8 30. Ra1 Nd5 $11 31. Bd2
Rxe1+ 32. Qxe1 Re8 33. Qf2 f5 34. Qf1 b5 35. axb5 axb5 36. Re1 Ra8 37. Ra1
Rf8 38. Re1 Qd6 39. Ra1 g6 40. Ra6 Qc7 41. Qa1 Bb7 42. Re6 b4 43. cxb4 $14
c3 $2 44. Bh6 $18 Ra8 45. Qb1 Kf7 46. Re1 Qc4 $2 47. Bb3 Qxd4+ 48. Be3 Qf6
49. Rd1 Qe6 50. Bd4 Rc8 51. Rc1 Qe2 52. Qc2 $2 Qd2 53. Bc5 Kg7 $2 54. Qxd2
cxd2 55. Rd1 Nf4 $2 56. Rxd2 Bc6 57. Bd4+ Kf8 58. Be5 Nh5 59. Kf2 f4 60.
Rc2 Bd7 61. Rxc8+ Bxc8 62. Bd5 Bd7 63. Bc4 Ke7 64. b5 Bc8 65. Bd5 Nf6 66.
Bxf6+ Kxf6 67. b6 1-0

[Event "83rd ESP-ch Women-ch 2018"]
[Site "Linares"]
[Date "2018.08.21"]
[Round "2"]
[White "Romero Romero, Sebastian"]
[Black "Bernabeu Lopez, Carlos Javier"]
[Result "1-0"]
[WhiteElo "2171"]
[BlackElo "2360"]
[TimeControl "40/5400+30:1800+30"]
[Annotator "NA"]
[EventDate "2018.08.09"]
[PlyCount "65"]
[EventType "tourn"]
[EventCountry "ESP"]

1. e4 e5 2. Nf3 Nc6 3. d4 exd4 4. Nxd4 Bc5 5. Nb3 Bb6 6. Qe2 d6 7. Be3 Nf6
8. Nc3 Qe7 9. Bxb6 axb6 10. O-O-O O-O 11. Kb1 Re8 12. f3 Be6 13. g4 Bxb3
14. cxb3 Ra5 15. Qd2 Ne5 16. Be2 Ng6 17. b4 Raa8 18. g5 Nd7 19. Nd5 Qd8 20.
h4 Ne7 21. Ne3 Ng6 22. Nf5 Ne7 23. Ng3 b5 24. Qc3 Ng6 25. Nf5 Nde5 26. Bxb5
Rf8 27. h5 Nf4 28. Qe3 Ne6 29. f4 Nc6 30. Qc3 Ne7 31. Nxg7 Nxg7 32. h6 Ne6
33. Bc4 1-0

[Event "83rd ESP-ch Women-ch 2018"]
[Site "Linares"]
[Date "2018.08.21"]
[Round "2"]
[White "Roldan Marques, Daniel"]
[Black "Sanchez Aller, Fernando"]
[Result "1/2-1/2"]
[WhiteElo "2161"]
[BlackElo "2345"]
[Annotator "TA"]
[EventDate "2018.08.09"]
[PlyCount "134"]
[EventType "tourn"]
[EventCountry "ESP"]

1. d4 Nf6 2. c4 g6 3. f3 Bg7 4. e4 O-O 5. Nc3 d6 6. Be3 Nbd7 7. Nh3 c6 8.
Be2 e5 9. d5 cxd5 10. cxd5 a6 11. O-O Ne8 $146 12. Rc1 f5 13. exf5 gxf5 14.
f4 Bf6 15. fxe5 Bxe5 16. Bd3 Ng7 17. Nf4 Nf6 18. h3 b5 19. Ne6 Nxe6 20.
dxe6 Bxe6 21. Bxf5 Qd7 22. Qd3 Rac8 23. Bxe6+ Qxe6 24. b3 Rf7 25. Nd5 Rxc1
26. Nxf6+ Qxf6 27. Rxc1 Qh4 28. Rf1 Rxf1+ 29. Kxf1 Kg7 30. Ke2 Kf6 31. g4
Kg7 32. Qf5 Qe7 33. Qg5+ Qxg5 34. Bxg5 $11 Kf7 35. Kd3 Ke6 36. Be3 Bg3 37.
Bg5 Kd5 38. h4 Be5 39. h5 Bg7 40. Be3 Ke6 41. g5 Be5 42. g6 hxg6 43. hxg6
Kf5 44. Bb6 Bf6 $1 $15 45. Ba5 d5 $1 46. a4 Kxg6 47. axb5 axb5 48. Bb6 Kf5
49. Be3 Be7 50. Bd4 Bd6 51. Be3 Ke6 52. Bd4 Kd7 53. Bb6 Kc6 54. Bd8 Bc5 55.
Kc3 Kd7 56. Bg5 Ke6 57. Kd3 Kd7 58. Bf6 Kc6 59. Bd8 Bf8 60. Bf6 Bc5 61. Bd8
$1 Kd7 62. Bf6 $1 Bb6 63. Bg5 Kc6 64. Be7 Bc7 65. Bb4 Bd6 66. Bd2 Kc5 67.
Bc3 Bc7 1/2-1/2

[Event "83rd ESP-ch Women-ch 2018"]
[Site "Linares"]
[Date "2018.08.21"]
[Round "2"]
[White "Cuevas Fernandez, Jose Alberto"]
[Black "Lianes Garcia, Marcos"]
[Result "*"]
[WhiteElo "2147"]
[BlackElo "2340"]
[Annotator "TA"]
[EventDate "2018.08.09"]
[PlyCount "40"]
[EventType "tourn"]
[EventCountry "ESP"]

1. d4 Nf6 2. c4 c5 3. d5 b5 4. cxb5 a6 5. b6 e6 6. Nc3 exd5 7. Nxd5 Nxd5 8.
Qxd5 Nc6 9. Nf3 Rb8 10. Ne5 Qf6 $1 11. Nxc6 $146 dxc6 12. Qe4+ Be7 13. Qf4
Qxf4 14. Bxf4 Rxb6 15. Be5 Bf6 16. Bxf6 gxf6 17. b3 c4 18. bxc4 Ke7 19. g3
Kd6 20. c5+ Kxc5 *

[Event "83rd ESP-ch Women-ch 2018"]
[Site "Linares"]
[Date "2018.08.21"]
[Round "2"]
[White "Arroyo Rodriguez, Jesus"]
[Black "Vicens Company, Maria Antonia"]
[Result "1-0"]
[WhiteElo "2099"]
[BlackElo "1904"]
[TimeControl "40/5400+30:1800+30"]
[Annotator "NA RC"]
[EventDate "2018.08.09"]
[PlyCount "89"]
[EventType "tourn"]
[EventCountry "ESP"]

1. Nf3 d5 2. g3 Nf6 3. Bg2 c6 4. b3 g6 5. Bb2 Bg7 6. c4 Qb6 7. Bd4 c5 8.
Bc3 d4 9. Bb2 Nc6 10. O-O O-O 11. d3 Bf5 12. Nbd2 Rad8 13. Rb1 Rfe8 14. a3
a5 15. b4 cxb4 16. axb4 Nxb4 17. Ba3 e5 18. Nb3 Bf8 19. Qd2 e4 20. Ne1 Nc6
21. Bxf8 Kxf8 22. Nc2 Qc7 23. Rb2 b6 24. Rfb1 h5 25. Nc1 Rb8 26. Rb5 Re5
27. Qh6+ Kg8 28. h3 Na7 29. R5b2 Nc6 30. Qf4 Qd8 31. Kh2 Kg7 32. Rb5 Rc5
33. dxe4 Be6 34. e5 Nxe5 35. Nxd4 Rxb5 36. Rxb5 Nfd7 37. Rxe5 Nxe5 38.
Qxe5+ Kh7 39. Nc6 Qd2 40. Qxb8 a4 41. Qf8 Qxc1 42. Ne7 a3 43. Qg8+ Kh6 44.
Qh8+ Kg5 45. f4+ 1-0

[Event "83rd ESP-ch Women-ch 2018"]
[Site "Linares"]
[Date "2018.08.21"]
[Round "2"]
[White "Gil Quilez, Sonia"]
[Black "Gonzalez del Campo, Diego"]
[Result "1-0"]
[WhiteElo "2066"]
[BlackElo "1893"]
[TimeControl "40/5400+30:1800+30"]
[Annotator "NA RC"]
[EventDate "2018.08.09"]
[PlyCount "91"]
[EventType "tourn"]
[EventCountry "ESP"]

1. d4 f5 2. g3 Nf6 3. Bg2 g6 4. c3 Bg7 5. Qb3 c5 6. dxc5 Na6 7. Qa3 Qc7 8.
b4 Ne4 9. Bb2 O-O 10. Nf3 b6 11. cxb6 axb6 12. O-O Bb7 13. Qb3+ Kh8 14.
Nfd2 d5 15. Nxe4 fxe4 16. Na3 Qd7 17. Rad1 Qf5 18. Nc2 Nc7 19. Nd4 Qf7 20.
a4 Qe8 21. b5 e5 22. Nc2 Ne6 23. Ba3 Rf7 24. Ra1 Rc7 25. Ne3 Nc5 26. Bxc5
Rxc5 27. Rfc1 Rac8 28. Nd1 d4 29. c4 Qf7 30. Nb2 Bh6 31. Rd1 e3 32. f3 Bg7
33. a5 e4 34. Rf1 exf3 35. Bxf3 Bxf3 36. Rxf3 Qe6 37. axb6 Qxb6 38. Na4 Qa5
39. b6 Rb8 40. Nxc5 Qxa1+ 41. Rf1 Qa5 42. Nd7 Rb7 43. c5 Rxd7 44. b7 d3 45.
b8=Q+ Rd8 46. Q8b6 1-0

[Event "83rd ESP-ch Women-ch 2018"]
[Site "Linares"]
[Date "2018.08.21"]
[Round "2"]
[White "Fernandez Montero, Francisco Manuel"]
[Black "Cesar Maestre, Bernardo"]
[Result "*"]
[WhiteElo "2046"]
[BlackElo "1861"]
[TimeControl "40/5400+30:1800+30"]
[Annotator "NA RC"]
[EventDate "2018.08.09"]
[PlyCount "51"]
[EventType "tourn"]
[EventCountry "ESP"]

1. e4 c5 2. Nf3 d6 3. d4 cxd4 4. Qxd4 a6 5. Bg5 Nc6 6. Qe3 g6 7. Nc3 Bg7 8.
Bc4 Nf6 9. h3 h6 10. Bh4 b5 11. Bb3 Na5 12. e5 dxe5 13. Bxf7+ Kxf7 14.
Nxe5+ Ke8 15. Nxg6 Rg8 16. Rd1 Bd7 17. O-O Nc4 18. Qf3 Kf7 19. Nf4 e6 20.
Rfe1 Re8 21. Nh5 Bh8 22. Ne4 Ra7 23. Nexf6 Bxf6 24. Nxf6 Kg6 25. Qe4+ Kf7
26. Qh7+ *

[Event "83rd ESP-ch Women-ch 2018"]
[Site "Linares"]
[Date "2018.08.21"]
[Round "2"]
[White "Vergara Anton, Diego"]
[Black "Arnaiz Yanes, Miguel Angel"]
[Result "*"]
[WhiteElo "2022"]
[BlackElo "1850"]
[TimeControl "40/5400+30:1800+30"]
[Annotator "NA RC"]
[EventDate "2018.08.09"]
[PlyCount "75"]
[EventType "tourn"]
[EventCountry "ESP"]

1. d4 d5 2. c4 c6 3. Nf3 Nf6 4. Nc3 e6 5. Bg5 Be7 6. e3 O-O 7. Qc2 Nbd7 8.
Be2 Re8 9. O-O h6 10. Bh4 Nf8 11. Ne5 dxc4 12. Bxc4 Nd5 13. Bxe7 Qxe7 14.
Nxd5 exd5 15. Bd3 a6 16. Rab1 c5 17. Rbc1 cxd4 18. exd4 Be6 19. Qb3 Rac8
20. f4 f6 21. Nf3 Bf7 22. Rxc8 Rxc8 23. Re1 Qc7 24. g3 b5 25. Qa3 Qb6 26.
Bf5 Be6 27. Qd3 Bxf5 28. Qxf5 Rd8 29. Qd3 Kf7 30. Qe3 Qd6 31. Nh4 g6 32.
Qd3 Rd7 33. Ng2 Re7 34. Rxe7+ Qxe7 35. Ne3 Qe4 36. Qb3 Ne6 37. Nxd5 Qxd4+
38. Ne3 *

[Event "83rd ESP-ch Women-ch 2018"]
[Site "Linares"]
[Date "2018.08.21"]
[Round "2"]
[White "Perez Beltran, Salvador"]
[Black "Fernandez Garcia, Francisco Jose"]
[Result "*"]
[WhiteElo "2018"]
[BlackElo "1835"]
[TimeControl "40/5400+30:1800+30"]
[Annotator "NA RC"]
[EventDate "2018.08.09"]
[PlyCount "108"]
[EventType "tourn"]
[EventCountry "ESP"]

1. e4 c5 2. Nf3 Nc6 3. Bb5 g6 4. Bxc6 dxc6 5. d3 Bg7 6. h3 Nf6 7. Nc3 O-O
8. O-O Qc7 9. Be3 b6 10. Qd2 e5 11. a3 Nh5 12. Bh6 Nf4 13. Bxg7 Kxg7 14.
Ne2 Nxe2+ 15. Qxe2 Qe7 16. Qd2 h6 17. Qc3 Re8 18. b4 Qf6 19. Nh2 cxb4 20.
axb4 Bd7 21. Ra3 c5 22. bxc5 Rec8 23. Qa1 Rxc5 24. Rxa7 Ra5 25. Rxa5 Rxa5
26. Qb2 Rb5 27. Qa3 Ra5 28. Qc3 Rc5 29. Qd2 Qc6 30. c4 b5 31. cxb5 Rxb5 32.
f4 exf4 33. Qxf4 Be6 34. d4 Bc4 35. Rc1 g5 36. Qe3 Rb4 37. Qc3 Qxe4 38. Ng4
Bd5 39. Qg3 Rxd4 40. Re1 Qf4 41. Qc3 Qd2 42. Qg3 Rf4 43. Ne3 Be6 44. Nf1
Qd4+ 45. Ne3 Qd2 46. Nf1 Qd6 47. Ne3 Qc7 48. h4 Rc4 49. Qf3 Rc3 50. hxg5
hxg5 51. Kh1 Qc5 52. Qg3 f6 53. Qf3 Qc6 54. Qh5 Rxe3 *

[Event "83rd ESP-ch Women-ch 2018"]
[Site "Linares"]
[Date "2018.08.21"]
[Round "2"]
[White "Samuel Lares, Jairo"]
[Black "Gomez Ligero, Sergio"]
[Result "*"]
[WhiteElo "2006"]
[BlackElo "1826"]
[TimeControl "40/5400+30:1800+30"]
[Annotator "NA RC"]
[EventDate "2018.08.09"]
[PlyCount "69"]
[EventType "tourn"]
[EventCountry "ESP"]

1. d4 e6 2. Nc3 Nf6 3. e4 d5 4. e5 Nfd7 5. Nce2 c5 6. f4 cxd4 7. Nxd4 Nc6
8. Ngf3 Nxd4 9. Nxd4 Bc5 10. c3 O-O 11. Bd3 Qh4+ 12. g3 Qe7 13. Bd2 f6 14.
Qe2 fxe5 15. fxe5 Bb6 16. h4 Bc7 17. Bf4 Nc5 18. Bc2 b6 19. O-O-O Bd7 20.
Qh5 g6 21. Qg4 Qg7 22. Rde1 b5 23. h5 Ne4 24. Bxe4 dxe4 25. Rxe4 Rf5 26. h6
Qe7 27. Re2 Rff8 28. Rd1 b4 29. Bg5 Qe8 30. c4 Rc8 31. Bf6 Bb6 32. Nf3 Bc6
33. Ng5 Bd5 34. b3 Qa4 35. bxa4 *

[Event "83rd ESP-ch Women-ch 2018"]
[Site "Linares"]
[Date "2018.08.21"]
[Round "2"]
[White "Comellas Martos, Lidia"]
[Black "Montero Melendez, Juan"]
[Result "1-0"]
[WhiteElo "2001"]
[BlackElo "1593"]
[TimeControl "40/5400+30:1800+30"]
[Annotator "NA RC"]
[EventDate "2018.08.09"]
[PlyCount "127"]
[EventType "tourn"]
[EventCountry "ESP"]

1. e4 c6 2. Nf3 d5 3. Nc3 dxe4 4. Nxe4 Nd7 5. d4 Ngf6 6. Ng3 Qc7 7. Bd3 e6
8. Qe2 Bd6 9. O-O O-O 10. c4 c5 11. Bg5 cxd4 12. Nxd4 a6 13. Rad1 b6 14.
Bc2 Bb7 15. b3 Rfe8 16. Qd3 Bxg3 17. hxg3 h6 18. Bc1 Be4 19. Qe2 Qb7 20.
Bxe4 Qxe4 21. Qxe4 Nxe4 22. Nxe6 Rxe6 23. Rxd7 Nc5 24. Rd2 Rae8 25. f3 Re2
26. Rfd1 Re1+ 27. Kf2 R8e2+ 28. Rxe2 Rxd1 29. Ba3 Ne6 30. Ke3 f6 31. Rd2
Rxd2 32. Kxd2 a5 33. Bb2 Kf7 34. Kd3 Nc5+ 35. Kd4 Ke6 36. Ba3 Nd7 37. b4
axb4 38. Bxb4 Nb8 39. c5 b5 40. c6 Nxc6+ 41. Kc5 Kd7 42. Kxb5 g6 43. a4 Kc7
44. a5 Na7+ 45. Kc5 Kb7 46. Kd6 Nc6 47. Bd2 Nd4 48. Ke7 f5 49. Kf7 g5 50.
Kg6 g4 51. f4 Ka6 52. Kxh6 Kb5 53. Kg6 Kc6 54. Kf6 Ne2 55. Kxf5 Nxg3+ 56.
Kxg4 Ne4 57. Be1 Nf6+ 58. Kf3 Kb5 59. g4 Kc6 60. f5 Kd5 61. a6 Ne8 62. a7
Nc7 63. Bg3 Na8 64. g5 1-0

[Event "83rd ESP-ch Women-ch 2018"]
[Site "Linares"]
[Date "2018.08.21"]
[Round "2"]
[White "Comellas Martos, Lidia"]
[Black "Montero Melendez, Juan"]
[Result "*"]
[WhiteElo "2001"]
[BlackElo "1593"]
[TimeControl "40/5400+30:1800+30"]
[Annotator "NA"]
[EventDate "2018.08.09"]
[PlyCount "22"]
[EventType "tourn"]
[EventCountry "ESP"]

1. e4 c6 2. Nc3 d5 3. Nf3 dxe4 4. Nxe4 Nd7 5. d4 Ngf6 6. Ng3 Qc7 7. Bd3 e6
8. Qe2 Bd6 9. O-O O-O 10. c4 c5 11. Bg5 cxd4 *

[Event "83rd ESP-ch Women-ch 2018"]
[Site "Linares"]
[Date "2018.08.21"]
[Round "2"]
[White "Badillo Ramos, Steve"]
[Black "Lopez Varela, Pablo"]
[Result "0-1"]
[WhiteElo "1901"]
[BlackElo "2100"]
[Annotator "TA"]
[EventDate "2018.08.09"]
[PlyCount "94"]
[EventType "tourn"]
[EventCountry "ESP"]

1. e4 e5 2. Nf3 d6 3. d4 exd4 4. Nxd4 Nf6 5. Nc3 Be7 6. Bf4 O-O 7. Qd2 d5
8. Ndb5 c6 9. Nc7 d4 10. O-O-O dxc3 11. Qxd8 $2 cxb2+ $146 12. Kxb2 Bxd8
13. Nxa8 Nxe4 14. Bxb8 Bf6+ $17 15. Kc1 Nxf2 16. Be2 Bg5+ 17. Kb1 Nxd1 18.
Rxd1 Be6 19. Nc7 $15 Rxb8 20. Nxe6 fxe6 21. Bc4 Kf7 22. Rd7+ Be7 23. c3 g6
24. Kc2 b5 25. Be2 a6 26. Bf3 Rb6 27. Rc7 c5 28. Rc6 Rxc6 29. Bxc6 $17 Kf6
30. Kd3 Ke5 31. h3 c4+ $19 32. Ke2 Kd6 33. Be4 Bf6 34. Kd2 Kc5 35. Kc2 a5
36. Bf3 Bh4 37. Kd2 b4 38. cxb4+ axb4 39. Ke3 b3 40. axb3 cxb3 41. Be4 $2
Kc4 42. Kd2 Bg5+ 43. Kd1 Kc3 44. Bf3 Kb2 45. Be4 Ka1 46. g3 b2 47. h4 Bf6
0-1

[Event "83rd ESP-ch Women-ch 2018"]
[Site "Linares"]
[Date "2018.08.21"]
[Round "2"]
[White "Maranon Canton, Antonio"]
[Black "Jimenez de la Torre, Jose Antonio"]
[Result "1/2-1/2"]
[WhiteElo "1868"]
[BlackElo "2076"]
[TimeControl "40/5400+30:1800+30"]
[Annotator "NA"]
[EventDate "2018.08.09"]
[PlyCount "60"]
[EventType "tourn"]
[EventCountry "ESP"]

1. c4 Nf6 2. Nc3 c5 3. g3 Nc6 4. Bg2 e6 5. Nf3 d5 6. d4 cxd4 7. Nxd4 Be7 8.
O-O O-O 9. cxd5 exd5 10. Bf4 a6 11. Rc1 Qb6 12. Nxc6 bxc6 13. Na4 Qb5 14.
Qd4 Nd7 15. Rxc6 Bb7 16. Rc7 Bf6 17. Qd1 Rac8 18. Rxc8 Rxc8 19. Qb3 Rc4 20.
Qxb5 axb5 21. Nc3 Bxc3 22. bxc3 Rxc3 23. Rc1 b4 24. Rxc3 bxc3 25. Kf1 Nf6
26. Ke1 Ne4 27. Bxe4 dxe4 28. Kd1 Ba6 29. f3 f5 30. fxe4 fxe4 1/2-1/2

[Event "83rd ESP-ch Women-ch 2018"]
[Site "Linares"]
[Date "2018.08.21"]
[Round "2"]
[White "Ucles Lirola, Moises"]
[Black "Perez Perez, Gabriel"]
[Result "1-0"]
[WhiteElo "1858"]
[BlackElo "2058"]
[TimeControl "40/5400+30:1800+30"]
[Annotator "NA RC"]
[EventDate "2018.08.09"]
[PlyCount "147"]
[EventType "tourn"]
[EventCountry "ESP"]

1. Nf3 Nf6 2. g3 d5 3. Bg2 c5 4. d3 Nc6 5. O-O e6 6. Nbd2 b6 7. c3 Bb7 8.
Qc2 Be7 9. Re1 Qc7 10. e4 O-O 11. Nf1 dxe4 12. dxe4 c4 13. Bf4 e5 14. Bg5
Nd7 15. Ne3 Bxg5 16. Nxg5 Ne7 17. Rad1 h6 18. Nf3 Nf6 19. Nh4 Rad8 20. Nef5
Nxf5 21. Nxf5 Kh7 22. f3 Rxd1 23. Rxd1 Rd8 24. Ne3 Rxd1+ 25. Qxd1 Qc5 26.
Kf2 b5 27. Bh3 g6 28. Qd8 Kg7 29. Qb8 Bc6 30. Ke2 a5 31. a3 Qe7 32. Ke1 Ne8
33. Ng4 f6 34. Ne3 Qc7 35. Qxc7+ Nxc7 36. Ke2 Kf7 37. Bg2 Ne6 38. Kd2 Nc5
39. Bf1 h5 40. Be2 Ke6 41. Bd1 f5 42. exf5+ gxf5 43. f4 exf4 44. gxf4 Nd3
45. b3 Nxf4 46. bxc4 h4 47. cxb5 Bxb5 48. Bc2 Ke5 49. Nxf5 h3 50. Nd4 Bc4
51. Nc6+ Kd6 52. Nxa5 Bf1 53. Bd1 Kc5 54. Nb3+ Kc4 55. Nd4 Bg2 56. Bb3+ Kc5
57. Ne6+ Nxe6 58. Bxe6 Bf1 59. Ke3 Kb5 60. Bb3 Bg2 61. Kf4 Kc5 62. Kg3 Kb5
63. Be6 Ka4 64. Bxh3 Bd5 65. Bf1 Kxa3 66. c4 Bf7 67. c5 Be8 68. Bg2 Kb4 69.
c6 Bxc6 70. Bxc6 Kc5 71. Kg4 Kd6 72. Kg5 Ke7 73. Kg6 Kf8 74. Bd5 1-0

[Event "83rd ESP-ch Women-ch 2018"]
[Site "Linares"]
[Date "2018.08.21"]
[Round "2"]
[White "Rascon Jato, Daniel"]
[Black "Cruz Ramirez, Nauzet"]
[Result "1/2-1/2"]
[WhiteElo "1849"]
[BlackElo "2037"]
[TimeControl "40/5400+30:1800+30"]
[Annotator "NA RC"]
[EventDate "2018.08.09"]
[PlyCount "86"]
[EventType "tourn"]
[EventCountry "ESP"]

1. e4 c5 2. Nf3 e6 3. c4 d6 4. d4 cxd4 5. Nxd4 Nf6 6. Nc3 a6 7. Be2 Qc7 8.
Be3 b6 9. Rc1 Bb7 10. f3 Nbd7 11. Qd2 Be7 12. O-O h5 13. Rfd1 Rc8 14. Bf1
Qb8 15. Na4 Bd8 16. b4 Bc7 17. h3 h4 18. Ne2 Bc6 19. Nac3 Rd8 20. b5 axb5
21. cxb5 Bb7 22. Nd4 d5 23. Nc6 Bxc6 24. bxc6 Nc5 25. exd5 Nxd5 26. Nxd5
Rxd5 27. Qb4 Qd8 28. Rxd5 Qxd5 29. Qd4 O-O 30. Qxd5 exd5 31. Rd1 Rd8 32.
Bg5 f6 33. Bxh4 Kf7 34. Bb5 g5 35. Bf2 Ke6 36. Re1+ Be5 37. g3 Kd6 38. h4
Ra8 39. hxg5 fxg5 40. a4 Nxa4 41. Bxa4 Rxa4 42. Bxb6 Rc4 43. Bc7+ Kxc7
1/2-1/2

[Event "83rd ESP-ch Women-ch 2018"]
[Site "Linares"]
[Date "2018.08.21"]
[Round "2"]
[White "Gomez Fernandez, Alfredo"]
[Black "Pablos Tenrero, Raquel"]
[Result "1/2-1/2"]
[WhiteElo "1827"]
[BlackElo "2015"]
[TimeControl "40/5400+30:1800+30"]
[Annotator "NA RC"]
[EventDate "2018.08.09"]
[PlyCount "85"]
[EventType "tourn"]
[EventCountry "ESP"]

1. e4 c6 2. d3 d5 3. Nd2 e5 4. Ngf3 Bd6 5. g3 Nf6 6. Bg2 Bg4 7. O-O Nbd7 8.
Re1 Qc7 9. h3 Bh5 10. Nb3 O-O 11. Bg5 h6 12. Bd2 Bg6 13. Nh4 Bh7 14. Rc1
Rad8 15. Qe2 b6 16. a4 Rfe8 17. a5 Bf8 18. c4 dxe4 19. dxe4 Nc5 20. Nxc5
Bxc5 21. b4 Bd4 22. axb6 axb6 23. b5 c5 24. Nf5 Bxf5 25. exf5 Rd6 26. Bc6
Red8 27. Bc3 Nd7 28. Bxd4 cxd4 29. Bxd7 Qxd7 30. Qxe5 d3 31. Rcd1 Rc8 32.
Re4 Kh7 33. g4 Rc5 34. Qf4 Kg8 35. Qe3 Kf8 36. f6 gxf6 37. Qxh6+ Kg8 38.
Qe3 Kg7 39. Re7 Qd8 40. Re8 Qd7 41. Re7 Qd8 42. Re8 Qd7 43. Re7 1/2-1/2

[Event "83rd ESP-ch Women-ch 2018"]
[Site "Linares"]
[Date "2018.08.21"]
[Round "2"]
[White "Mohamed Garcia, Ismael"]
[Black "Sosa Suarez, Carla Cristina"]
[Result "*"]
[WhiteElo "1814"]
[BlackElo "2006"]
[TimeControl "40/5400+30:1800+30"]
[Annotator "NA RC"]
[EventDate "2018.08.09"]
[PlyCount "124"]
[EventType "tourn"]
[EventCountry "ESP"]

1. d4 Nf6 2. Bf4 d5 3. e3 Bf5 4. Bd3 e6 5. Bxf5 exf5 6. Qd3 g6 7. Qb5+ Nbd7
8. Be5 Be7 9. Bxf6 Bxf6 10. Qxd5 c6 11. Qb3 c5 12. Ne2 f4 13. Qxb7 O-O 14.
Qf3 Qa5+ 15. c3 cxd4 16. exd4 Qb5 17. b3 Rfe8 18. c4 Qa5+ 19. Nc3 Bxd4 20.
O-O Ne5 21. Qh3 f3 22. Nxd4 Qxc3 23. Nxf3 Nc6 24. Ng5 Qg7 25. Rad1 h6 26.
Nf3 Re2 27. Rd2 Re6 28. Qg3 Rae8 29. h3 g5 30. Rfd1 Qf6 31. Kh2 Ne7 32. Rd8
Nc6 33. Rxe8+ Rxe8 34. Rd6 Re6 35. Rxe6 Qxe6 36. Qc7 Kg7 37. c5 Ne7 38.
Qe5+ Qxe5+ 39. Nxe5 h5 40. Kg3 f5 41. Kf3 Kf6 42. Nd3 Ke6 43. Ke3 Kd5 44.
b4 Kc4 45. a3 Nd5+ 46. Kd2 Kb3 47. c6 Kxa3 48. Nc5 Kxb4 49. Na6+ Kb5 50. c7
Ne7 51. c8=Q Nxc8 52. Nc7+ Kc4 53. Ne6 a5 54. Nxg5 a4 55. Kc1 a3 56. Nf3
Kd3 57. Nh4 Ne7 58. g4 fxg4 59. hxg4 hxg4 60. Ng2 Nd5 61. f3 gxf3 62. Ne1+
Kc3 *